Score 0/25 Timer 05:00
3 Plays Today
space Next % Correct
Mixed Drink #2Lemon Juice (1 part)
98.1%
Mixed Drink #2Vodka (3 parts)
98%
Mixed Drink #1Salt (garn.)
97.8%
Mixed Drink #2Tomato Juice (6 parts)
97.6%
Mixed Drink #1Lime Juice (3 parts)
96.4%
Mixed Drink #3Pineapple Juice (3 parts)
96.2%
Mixed Drink #5Gin (1 part)
95.5%
Mixed Drink #3White Rum (1 part)
94.6%
Mixed Drink #2Celery (garn.)
92.1%
Mixed Drink #4Hot Coffee (8 parts)
91.3%
Mixed Drink #1Tequila (7 parts)
91.1%
Mixed Drink #3Pineapple Slice (garn.)
89.5%
Mixed Drink #4Fresh Cream (3 parts)
87%
space Next % Correct
Mixed DrinksBloody Mary
84.3%
Mixed Drink #4Brown Sugar (1 tsp)
80.9%
Mixed Drink #5Orange Peel (garn.)
80.4%
Mixed Drink #1Triple Sec (4 parts)
79.3%
Mixed DrinksIrish Coffee
79.2%
Mixed DrinksPiña Colada
78.9%
Mixed Drink #3Cream of Coconut (1 part)
78.4%
Mixed Drink #4Whiskey (4 parts)
73.6%
Mixed DrinksMargarita
71.9%
Mixed Drink #5Sweet Vermouth (1 part)
63.3%
Mixed Drink #5Campari (1 part)
33%
Mixed DrinksNegroni
10.1%
Remove Ads.
Support Sporcle.
Get the best of Sporcle when you Go Orange. This ad-free experience offers more features, more stats, and more fun while also helping to support Sporcle. Thank you for becoming a member.

You're not logged in!

Compare scores with friends on all Sporcle quizzes.
OR
Log In

Show Comments

Extras

Top Quizzes Today


Score Distribution

Your Account Isn't Verified!

In order to create a playlist on Sporcle, you need to verify the email address you used during registration. Go to your Sporcle Settings to finish the process.

Report this User

Report this user for behavior that violates our Community Guidelines.

Details: